Planets Of The Solar System By Mass - Statistics

General Stats
  • This quiz has been taken 104 times
  • The average score is 5 of 8
Answer Stats
Hint Answer % Correct
1 (Smallest) Mercury
94%
8 (Biggest)
Jupiter
73%
4 Earth
71%
3 Venus
63%
7 Saturn
59%
2 Mars
57%
6 Neptune
43%
5 Uranus
35%
No matching quizzes found
Score Distribution
Percent of People with Each Score
Percentile by Number Answered
Your Score History
You have not taken this quiz